[Event "España ch Universitario 2005"]
[Site "Granada ESP"]
[Date "2005.05.10"]
[Round "6.3"]
[White "Cruz Alvarez de Ron, Dan"]
[Black "Almagro Llanas, Pablo"]
[Result "0-1"]
[WhiteElo "2185"]
[BlackElo "2344"]
[PlyCount "64"]
[EventDate "2005.05.09"]
[EventType "swiss"]
[EventRounds "9"]
[EventCountry "ESP"]
[Source "lmi"]
[SourceDate "2005.05.11"]

1. Nf3 d5 2. d4 Nf6 3. e3 Bf5 4. c4 c6 5. Qb3 Qb6 6. Nc3 e6 7. Bd2 Nbd7 8. c5
Qc7 9. Nh4 Be4 10. f3 Bg6 11. f4 Bh5 12. Bd3 Be7 13. Nf3 Bg6 14. Be2 Ne4 15.
Nxe4 Bxe4 16. O-O b6 17. cxb6 axb6 18. Ne5 O-O 19. Rfc1 Nxe5 20. fxe5 c5 21. a3
f6 22. exf6 Bd6 23. Bf3 Bxh2+ 24. Kf2 c4 25. Qb4 Qg3+ 26. Ke2 Bxf3+ 27. gxf3
Qg2+ 28. Kd1 Qxf3+ 29. Kc2 Qe4+ 30. Kd1 Qf3+ 31. Kc2 Qe4+ 32. Kd1 Rxf6 0-1

[Event "España ch Universitario 2005"]
[Site "Granada ESP"]
[Date "2005.05.10"]
[Round "6.4"]
[White "Rabadan, Velasco Raul"]
[Black "Reinaldo Castiñeira, Roi"]
[Result "0-1"]
[WhiteElo "2236"]
[BlackElo "2448"]
[PlyCount "54"]
[EventDate "2005.05.09"]
[EventType "swiss"]
[EventRounds "9"]
[EventCountry "ESP"]
[Source "lmi"]
[SourceDate "2005.05.11"]

1. e4 c5 2. Nc3 Nc6 3. f4 g6 4. Nf3 Bg7 5. Bc4 e6 6. f5 Nge7 7. fxe6 fxe6 8. a3
O-O 9. d3 Nd4 10. O-O Nec6 11. Nxd4 cxd4 12. Ne2 Ne5 13. Bb3 Ng4 14. h3 Ne3 15.
Bxe3 dxe3 16. Rxf8+ Qxf8 17. d4 b6 18. c3 Qf2+ 19. Kh1 Ba6 20. Ng1 Qxb2 21. Rb1
Qxc3 22. d5 Rf8 23. dxe6 dxe6 24. Bxe6+ Kh8 25. Rb3 e2 26. Nxe2 Bxe2 27. Qxe2
Qa1+ 0-1

[Event "España ch Universitario 2005"]
[Site "Granada ESP"]
[Date "2005.05.10"]
[Round "6.5"]
[White "Navarro Cia, Miguel"]
[Black "Perez Candelario, Manuel"]
[Result "0-1"]
[WhiteElo "2290"]
[BlackElo "2495"]
[PlyCount "64"]
[EventDate "2005.05.09"]
[EventType "swiss"]
[EventRounds "9"]
[EventCountry "ESP"]
[Source "lmi"]
[SourceDate "2005.05.11"]

1. e4 e5 2. Nf3 Nc6 3. d4 exd4 4. Nxd4 Nf6 5. Nxc6 bxc6 6. e5 Qe7 7. Qe2 Nd5 8.
c4 Ba6 9. b3 g5 10. g3 Bg7 11. Bb2 O-O-O 12. Nd2 Rhe8 13. O-O-O Nb6 14. f4 gxf4
15. gxf4 f6 16. exf6 Bxf6 17. Qxe7 Bxb2+ 18. Kxb2 Rxe7 19. Bd3 d5 20. Nf3 Rf8
21. cxd5 Bxd3 22. Rxd3 cxd5 23. Ne5 Rxf4 24. Nc6 Re2+ 25. Ka3 Rff2 26. Nxa7+
Kb7 27. Nb5 c5 28. Nc3 Rc2 29. Ra1 d4 30. Ne4 Rxh2 31. b4 c4 32. Rxd4 Rh3+ 0-1

[Event "España ch Universitario 2005"]
[Site "Granada ESP"]
[Date "2005.05.10"]
[Round "6.6"]
[White "Fluvia Poyatos, Joan"]
[Black "Andres Gonzalez, Ivan"]
[Result "1-0"]
[WhiteElo "2465"]
[BlackElo "2314"]
[PlyCount "85"]
[EventDate "2005.05.09"]
[EventType "swiss"]
[EventRounds "9"]
[EventCountry "ESP"]
[Source "lmi"]
[SourceDate "2005.05.11"]

1. e4 c6 2. d4 g6 3. Nc3 d5 4. Nf3 Bg7 5. h3 dxe4 6. Nxe4 Nf6 7. Nxf6+ exf6 8.
Bd3 O-O 9. Be3 Na6 10. Qd2 Nc7 11. O-O-O Nd5 12. Bh6 Qd6 13. Kb1 Be6 14. h4 Qb4
15. Bxg7 Qxd2 16. Nxd2 Kxg7 17. Be4 Rfe8 18. Rhe1 Rad8 19. c3 Nc7 20. Nb3 Bxb3
21. axb3 Re7 22. Bf3 Rde8 23. Rxe7 Rxe7 24. Kc2 Ne8 25. b4 f5 26. c4 Nd6 27.
Kc3 a6 28. d5 cxd5 29. Rxd5 Ne4+ 30. Bxe4 fxe4 31. Kd4 f5 32. g3 Kf6 33. Rd6+
Kf7 34. Rd5 Kf6 35. b5 axb5 36. Rxb5 Rd7+ 37. Rd5 Rc7 38. b4 g5 39. Rd6+ Ke7
40. Rh6 Rd7+ 41. Ke5 Kf8 42. hxg5 Rd2 43. Rf6+ 1-0

[Event "España ch Universitario 2005"]
[Site "Granada ESP"]
[Date "2005.05.10"]
[Round "6.7"]
[White "Diaz Castro, Sergio"]
[Black "Herraiz Hidalgo, Herminio"]
[Result "0-1"]
[WhiteElo "2252"]
[BlackElo "2471"]
[PlyCount "64"]
[EventDate "2005.05.09"]
[EventType "swiss"]
[EventRounds "9"]
[EventCountry "ESP"]
[Source "lmi"]
[SourceDate "2005.05.11"]

1. d4 f5 2. g3 Nf6 3. Bg2 g6 4. c4 Bg7 5. Nc3 O-O 6. Nf3 d6 7. O-O Qe8 8. d5
Na6 9. Nd4 Bd7 10. Rb1 c6 11. e4 fxe4 12. Nxe4 Nxe4 13. Bxe4 Nc7 14. Bg2 c5 15.
Nc2 b5 16. b3 Rb8 17. Bd2 Bf5 18. Ba5 Na8 19. cxb5 Qxb5 20. Bd2 Qd3 21. Rc1 Qa6
22. Re1 Qxa2 23. Rxe7 Bf6 24. Re1 Qxb3 25. Re3 Qa4 26. Bc3 Nc7 27. Bxf6 Rxf6
28. Re7 Bxc2 29. Qxc2 Qxc2 30. Rxc2 Rb1+ 31. Bf1 Nxd5 32. Rxa7 Rxf1+ 0-1

[Event "España ch Universitario 2005"]
[Site "Granada ESP"]
[Date "2005.05.10"]
[Round "6.8"]
[White "Piay Augusto, Diego"]
[Black "Ibarra Jerez, Jose Carlos"]
[Result "0-1"]
[WhiteElo "2248"]
[BlackElo "2435"]
[PlyCount "111"]
[EventDate "2005.05.09"]
[EventType "swiss"]
[EventRounds "9"]
[EventCountry "ESP"]
[Source "lmi"]
[SourceDate "2005.05.11"]

1. e4 c5 2. c3 Nf6 3. Bc4 e6 4. e5 Nd5 5. Nf3 d6 6. O-O Nc6 7. d4 cxd4 8. Bg5
Qc7 9. Bxd5 exd5 10. exd6 Bxd6 11. Re1+ Be6 12. Nxd4 Nxd4 13. Qxd4 O-O 14. h3
Rfe8 15. Nd2 Bc5 16. Qh4 f6 17. Bf4 Qd7 18. Nb3 Bf8 19. Be3 b6 20. Rad1 Bf7 21.
Nd4 Re4 22. Qg3 Bh5 23. f3 Bd6 24. Qf2 Re7 25. Bc1 Rae8 26. Rxe7 Rxe7 27. Re1
Re5 28. Kf1 Bg6 29. f4 Bd3+ 30. Kg1 Rxe1+ 31. Qxe1 Be4 32. Qe2 Qa4 33. Qb5 Qd1+
34. Qf1 Qh5 35. Qa6 h6 36. Qc8+ Kh7 37. Qg4 Qxg4 38. hxg4 g5 39. g3 Kg6 40. Kf2
h5 41. gxh5+ Kxh5 42. Ne6 Kg4 43. fxg5 Bxg3+ 44. Ke2 Bf5 45. Nd8 fxg5 46. Nf7
Bb1 47. Nxg5 Bxa2 48. Ne6 Kf5 49. Nd4+ Ke4 50. Bg5 Bc4+ 51. Kd1 Kd3 52. Bd2 a5
53. Nf3 Bb3+ 54. Kc1 Bf2 55. Bf4 a4 56. Bd2 0-1

[Event "España ch Universitario 2005"]
[Site "Granada ESP"]
[Date "2005.05.10"]
[Round "6.9"]
[White "Fluvia Poyatos, Jordi"]
[Black "Gonzalez de la Torre, Santiago"]
[Result "1/2-1/2"]
[WhiteElo "2399"]
[BlackElo "2357"]
[PlyCount "94"]
[EventDate "2005.05.09"]
[EventType "swiss"]
[EventRounds "9"]
[EventCountry "ESP"]
[Source "lmi"]
[SourceDate "2005.05.11"]

1. e4 c5 2. Nf3 e6 3. d4 cxd4 4. Nxd4 Qb6 5. Nb3 Qc7 6. Bd3 a6 7. O-O Nf6 8.
Nc3 b5 9. f4 d6 10. e5 Nfd7 11. Be3 dxe5 12. Ne4 Be7 13. Qg4 O-O 14. f5 exf5
15. Rxf5 g6 16. Bh6 Nf6 17. Nxf6+ Bxf6 18. Qf3 Bg7 19. Bxg7 Kxg7 20. Be4 Bxf5
21. Bxa8 Nd7 22. Be4 Bxe4 23. Qxe4 Nf6 24. Qe2 Nd5 25. c3 Nf4 26. Qe3 Rc8 27.
Re1 f6 28. g3 Nh3+ 29. Kg2 Ng5 30. Nd2 Qc6+ 31. Nf3 Rd8 32. Re2 Rd1 33. Rf2
Nxf3 34. Qxf3 Qxf3+ 35. Kxf3 Kf7 36. Rc2 Ke6 37. c4 bxc4 38. Rxc4 h5 39. Ra4
Rd3+ 40. Ke4 Rd6 41. h4 f5+ 42. Ke3 Kf6 43. Ra5 Ke6 44. b3 Kf6 45. Kf3 Rd3+ 46.
Kf2 Rd6 47. Ke3 Ke6 1/2-1/2

[Event "España ch Universitario 2005"]
[Site "Granada ESP"]
[Date "2005.05.10"]
[Round "6.10"]
[White "Baron Rodriguez, Jesus"]
[Black "Pita Romero Rodriguez, Rafael"]
[Result "1/2-1/2"]
[WhiteElo "2437"]
[BlackElo "2145"]
[PlyCount "162"]
[EventDate "2005.05.09"]
[EventType "swiss"]
[EventRounds "9"]
[EventCountry "ESP"]
[Source "lmi"]
[SourceDate "2005.05.11"]

1. e4 e5 2. Bc4 Nc6 3. Nc3 Bc5 4. Qg4 g6 5. Qg3 d6 6. Nge2 Be6 7. d3 Bxc4 8.
dxc4 Nb4 9. Kd1 a5 10. Be3 Na6 11. h4 Qd7 12. h5 O-O-O 13. hxg6 fxg6 14. Kd2
Nf6 15. Bg5 Rdf8 16. f3 Nh5 17. Qh3 h6 18. Be3 Bxe3+ 19. Kxe3 Nf4 20. Qxd7+
Kxd7 21. Nxf4 exf4+ 22. Kd2 h5 23. Ne2 h4 24. Ng1 Nb4 25. Nh3 Nc6 26. Kc3 Ne5
27. Rad1 g5 28. Nf2 g4 29. Nxg4 Nxg4 30. fxg4 Rfg8 31. e5 Rxg4 32. exd6 cxd6
33. Rd2 Kc6 34. b3 Rhg8 35. Rh2 Rg3+ 36. Kb2 R8g4 37. a4 b6 38. Kc1 Kc5 39.
Rd5+ Kc6 40. Rd2 Re3 41. Kb2 Reg3 42. Kc1 f3 43. gxf3 Rxf3 44. Rd5 h3 45. Rh5
Rgg3 46. Kb2 Kd7 47. Rh6 Ke7 48. Rd2 Rf6 49. Rh5 Rg2 50. Rd3 h2 51. Rh7+ Ke6
52. Re3+ Kf5 53. Reh3 Ke6 54. Rxh2 Rxh2 55. Rxh2 Kd7 56. c3 Kc6 57. b4 axb4 58.
cxb4 d5 59. cxd5+ Kxd5 60. Rc2 Rf4 61. Kb3 Rh4 62. Rc3 Rg4 63. Ka3 Rh4 64. Kb3
Rg4 65. Rh3 Kc6 66. Rh6+ Kc7 67. b5 Rf4 68. Rh7+ Kb8 69. Rh6 Kc7 70. Rc6+ Kb7
71. Rc4 Rxc4 72. Kxc4 Kc8 73. Kb3 Kb7 74. Kb4 Kb8 75. Kc4 Kc8 76. Kd4 Kd8 77.
Ke4 Kc8 78. Kf4 Kd8 79. Kf5 Kd7 80. Ke5 Ke7 81. Kd5 Kd7 1/2-1/2

[Event "España ch Universitario 2005"]
[Site "Granada ESP"]
[Date "2005.05.11"]
[Round "7.1"]
[White "Ibarra Jerez, Jose Carlos"]
[Black "Llanes Hurtado, Miguel"]
[Result "1-0"]
[WhiteElo "2435"]
[BlackElo "2409"]
[PlyCount "73"]
[EventDate "2005.05.09"]
[EventType "swiss"]
[EventRounds "9"]
[EventCountry "ESP"]
[Source "lmi"]
[SourceDate "2005.05.11"]

1. e4 c5 2. Nf3 Nc6 3. d4 cxd4 4. Nxd4 Nf6 5. Nc3 e5 6. Ndb5 d6 7. Bg5 a6 8.
Na3 b5 9. Bxf6 gxf6 10. Nd5 f5 11. g3 fxe4 12. Bg2 Be6 13. Bxe4 Bg7 14. Qh5 Rc8
15. Rd1 Ne7 16. Nxe7 Qxe7 17. O-O b4 18. Nb1 Rc5 19. a3 a5 20. c3 bxa3 21. Nxa3
d5 22. b4 dxe4 23. bxc5 Qxc5 24. Nc2 O-O 25. Qh4 Bb3 26. Ne3 Bxd1 27. Nf5 f6
28. Rxd1 Qc7 29. Qxe4 Rd8 30. Rxd8+ Qxd8 31. Qc4+ Kh8 32. Qc6 Bf8 33. c4 h6 34.
h4 Kg8 35. c5 a4 36. Qxa4 Bxc5 37. Qc4+ 1-0

[Event "España ch Universitario 2005"]
[Site "Granada ESP"]
[Date "2005.05.11"]
[Round "7.2"]
[White "Reinaldo Castiñeira, Roi"]
[Black "Alcazar Jimenez, Jesus"]
[Result "1-0"]
[WhiteElo "2448"]
[BlackElo "2316"]
[PlyCount "59"]
[EventDate "2005.05.09"]
[EventType "swiss"]
[EventRounds "9"]
[EventCountry "ESP"]
[Source "lmi"]
[SourceDate "2005.05.11"]

1. e4 c5 2. Nc3 d6 3. Nf3 Nf6 4. d4 cxd4 5. Nxd4 a6 6. f3 e5 7. Nb3 Be6 8. Be3
Nbd7 9. Qd2 b5 10. O-O-O Nb6 11. Qf2 Nfd7 12. Kb1 Be7 13. f4 exf4 14. Bxf4 b4
15. Nd5 Bxd5 16. exd5 Ne5 17. Na5 Bf6 18. Nc6 Qc7 19. Bxe5 dxe5 20. Qc5 Rd8 21.
Bxa6 Rd6 22. Bc4 O-O 23. Qxb4 Ra8 24. Bb3 Re8 25. c4 Rd7 26. c5 Nxd5 27. Bxd5
Rxd5 28. Rxd5 Qxc6 29. Rhd1 Qa6 30. a4 1-0

[Event "España ch Universitario 2005"]
[Site "Granada ESP"]
[Date "2005.05.11"]
[Round "7.3"]
[White "Andres Gonzalez, Ivan"]
[Black "Navarro Ortiz, Pablo"]
[Result "1-0"]
[WhiteElo "2314"]
[BlackElo "2108"]
[PlyCount "55"]
[EventDate "2005.05.09"]
[EventType "swiss"]
[EventRounds "9"]
[EventCountry "ESP"]
[Source "lmi"]
[SourceDate "2005.05.11"]

1. d4 f5 2. Nf3 Nf6 3. g3 e6 4. Bg2 d5 5. O-O Bd6 6. c4 c6 7. Nc3 O-O 8. Rb1
Ne4 9. Qc2 Nd7 10. b4 Nxc3 11. Qxc3 f4 12. b5 Qf6 13. bxc6 bxc6 14. cxd5 cxd5
15. Qc6 Rb8 16. Rxb8 Bxb8 17. Ba3 Rd8 18. Bd6 Bb7 19. Qxb7 Bxd6 20. Qxa7 g5 21.
Qa6 Nb8 22. Qb6 e5 23. Qb3 Bc7 24. Rc1 e4 25. Rxc7 exf3 26. Bxf3 Qxd4 27. Qc2
Nd7 28. Rxd7 1-0

[Event "España ch Universitario 2005"]
[Site "Granada ESP"]
[Date "2005.05.11"]
[Round "7.4"]
[White "Franco Alonso, Alejandro"]
[Black "Prol Nogueira, Iago"]
[Result "1-0"]
[WhiteElo "2387"]
[BlackElo "2163"]
[PlyCount "74"]
[EventDate "2005.05.09"]
[EventType "swiss"]
[EventRounds "9"]
[EventCountry "ESP"]
[Source "lmi"]
[SourceDate "2005.05.11"]

1. d4 g6 2. c4 Bg7 3. e4 d6 4. Nc3 Nd7 5. Nf3 e6 6. Bg5 f6 7. Be3 Nh6 8. h3 O-O
9. Qd2 Nf7 10. g4 a6 11. Be2 b6 12. h4 Bb7 13. h5 g5 14. d5 Re8 15. Nd4 exd5
16. cxd5 Nc5 17. f3 a5 18. Bb5 Ne5 19. O-O-O Ba6 20. Bxa6 Rxa6 21. Qe2 h6 22.
Ne6 Qc8 23. Bxc5 bxc5 24. Nxc7 Qxc7 25. Qxa6 Nxf3 26. Nb5 Qb8 27. Nxd6 f5 28.
Qb5 Qxb5 29. Nxb5 Rxe4 30. d6 Rc4+ 31. Nc3 Nd4 32. d7 Bf6 33. Rhe1 Kf7 34. Re8
Ne6 35. Rd6 Nd8 36. Kb1 fxg4 37. Nd5 Bd4 1-0

[Event "España ch Universitario 2005"]
[Site "Granada ESP"]
[Date "2005.05.11"]
[Round "7.5"]
[White "Herraiz Hidalgo, Herminio"]
[Black "Gonzalez de la Torre, Santiago"]
[Result "1/2-1/2"]
[WhiteElo "2471"]
[BlackElo "2357"]
[PlyCount "80"]
[EventDate "2005.05.09"]
[EventType "swiss"]
[EventRounds "9"]
[EventCountry "ESP"]
[Source "lmi"]
[SourceDate "2005.05.11"]

1. d4 d5 2. c4 c6 3. Nf3 Nf6 4. e3 Bg4 5. h3 Bh5 6. Qb3 Qb6 7. Nc3 e6 8. Bd2
Nbd7 9. Qxb6 axb6 10. cxd5 exd5 11. g4 Bg6 12. Nh4 Bb4 13. Nxg6 hxg6 14. f3 O-O
15. h4 Rad8 16. a3 Bd6 17. O-O-O Rfe8 18. Bd3 b5 19. h5 Nf8 20. hxg6 fxg6 21.
g5 N6d7 22. f4 Nb6 23. f5 gxf5 24. Bxf5 g6 25. Bd3 Nc4 26. e4 Nxd2 27. Kxd2 b4
28. axb4 Bxb4 29. exd5 cxd5 30. Kc2 Kg7 31. Ne2 Rc8+ 32. Kb1 Bd6 33. Nc3 Be7
34. Nxd5 Bxg5 35. Rhg1 Be3 36. Rg3 Bxd4 37. Bf5 Bf2 38. Rg2 Rcd8 39. Rxf2 Re5
40. Bxg6 Nxg6 1/2-1/2

[Event "España ch Universitario 2005"]
[Site "Granada ESP"]
[Date "2005.05.11"]
[Round "7.6"]
[White "Perez Candelario, Manuel"]
[Black "Fluvia Poyatos, Jordi"]
[Result "1-0"]
[WhiteElo "2495"]
[BlackElo "2399"]
[PlyCount "75"]
[EventDate "2005.05.09"]
[EventType "swiss"]
[EventRounds "9"]
[EventCountry "ESP"]
[Source "lmi"]
[SourceDate "2005.05.11"]

1. e4 e6 2. d4 d5 3. Nd2 Be7 4. Ngf3 Nf6 5. Bd3 c5 6. exd5 Qxd5 7. dxc5 O-O 8.
O-O Nbd7 9. b4 a5 10. Bc4 Qh5 11. c3 Nd5 12. Qb3 Nxc3 13. Qxc3 Bf6 14. Nd4 e5
15. Nc2 e4 16. Qe3 Ne5 17. Be2 Ng4 18. Bxg4 Bxg4 19. Rb1 Be5 20. h3 f5 21. f4
exf3 22. Nxf3 Bf6 23. Bb2 Bxh3 24. gxh3 Qxh3 25. Ne5 Qh5 26. Qf3 Qh4 27. Qf4
axb4 28. Qxh4 Bxh4 29. Nxb4 Be7 30. Ned3 f4 31. Rbe1 Rf7 32. Re4 g5 33. Nd5 Bd8
34. Ne5 Rf5 35. Ne3 Rxe5 36. Bxe5 fxe3 37. Rxe3 h6 38. Bd6 1-0

[Event "España ch Universitario 2005"]
[Site "Granada ESP"]
[Date "2005.05.11"]
[Round "7.7"]
[White "Camarena Gimenez, Rufino"]
[Black "Alberola Mulet, Jairo"]
[Result "1/2-1/2"]
[WhiteElo "2376"]
[BlackElo "2126"]
[PlyCount "114"]
[EventDate "2005.05.09"]
[EventType "swiss"]
[EventRounds "9"]
[EventCountry "ESP"]
[Source "lmi"]
[SourceDate "2005.05.11"]

1. e4 Nc6 2. d4 d5 3. e5 Bf5 4. Ne2 e6 5. Ng3 Bg6 6. Be2 Nge7 7. c3 Qd7 8. Nd2
Nf5 9. Nxf5 Bxf5 10. g4 Bg6 11. h4 f6 12. h5 Bf7 13. f4 O-O-O 14. Bb5 Be8 15.
b4 Qf7 16. a4 Be7 17. Nf3 fxe5 18. fxe5 Bd7 19. O-O Rdf8 20. a5 Qe8 21. Bd3 Nb8
22. a6 b6 23. Qe2 Nc6 24. Be3 h6 25. Rf2 Qd8 26. Raf1 Be8 27. Nd2 Rxf2 28. Rxf2
Rf8 29. Rxf8 Bxf8 30. Nf3 Be7 31. Kg2 Bf7 32. Bf2 Bg5 33. Nxg5 Qxg5 34. Be3 Qe7
35. Kg3 Be8 36. Qf3 Nd8 37. Bf4 c6 38. Qe3 Nf7 39. Bg6 b5 40. Qc1 Kd7 41. Qd2
Ng5 42. Bd3 Kc7 43. Be3 Kc8 44. Qg2 Kc7 45. Qe2 Kc8 46. Kg2 Kc7 47. Bf2 Kc8 48.
Bh4 Kc7 49. Qf2 Qf7 50. Qe3 Qe7 51. Qf4 Kd8 52. Bh7 Kc7 53. Qf1 Qf7 54. Qe2 Qe7
55. Bd3 Kc8 56. Qe3 Kc7 57. Bb1 Kc8 1/2-1/2

[Event "España ch Universitario 2005"]
[Site "Granada ESP"]
[Date "2005.05.11"]
[Round "7.8"]
[White "Almagro Llanas, Pablo"]
[Black "Fluvia Poyatos, Joan"]
[Result "1/2-1/2"]
[WhiteElo "2344"]
[BlackElo "2465"]
[PlyCount "94"]
[EventDate "2005.05.09"]
[EventType "swiss"]
[EventRounds "9"]
[EventCountry "ESP"]
[Source "lmi"]
[SourceDate "2005.05.11"]

1. e4 c5 2. Nf3 Nc6 3. Bb5 g6 4. O-O Bg7 5. Bxc6 dxc6 6. d3 e5 7. h3 Ne7 8. Be3
b6 9. Qd2 O-O 10. Bh6 Bxh6 11. Qxh6 f6 12. Nbd2 Be6 13. a4 a5 14. b3 b5 15. Qe3
Qd6 16. Nb1 Rfd8 17. Rd1 c4 18. bxc4 bxc4 19. d4 exd4 20. Rxd4 Qc7 21. Nc3 c5
22. Rxd8+ Rxd8 23. Nb5 Qb6 24. Qc3 Kg7 25. e5 Bd5 26. Re1 Nf5 27. g4 Nd4 28.
Nfxd4 cxd4 29. exf6+ Qxf6 30. Qxd4 Qxd4 31. Nxd4 Kf6 32. f4 h6 33. Rb1 Bg2 34.
Rb6+ Kf7 35. Kxg2 Rxd4 36. Kf3 Rd2 37. Rc6 Rxc2 38. Ke4 c3 39. Kd4 Rf2 40. Rxc3
Rxf4+ 41. Ke5 Rxa4 42. Rc7+ Kg8 43. Kf6 Rb4 44. Rc8+ Kh7 45. Rc7+ Kg8 46. Rc8+
Kh7 47. Rc7+ Kg8 1/2-1/2

[Event "España ch Universitario 2005"]
[Site "Granada ESP"]
[Date "2005.05.11"]
[Round "7.9"]
[White "Kurajica, Mladen"]
[Black "Baron Rodriguez, Jesus"]
[Result "1/2-1/2"]
[WhiteElo "2225"]
[BlackElo "2437"]
[PlyCount "101"]
[EventDate "2005.05.09"]
[EventType "swiss"]
[EventRounds "9"]
[EventCountry "ESP"]
[Source "lmi"]
[SourceDate "2005.05.11"]

1. Nf3 d5 2. d4 Nf6 3. c4 e6 4. Bg5 Nbd7 5. e3 Bb4+ 6. Nbd2 h6 7. Bh4 O-O 8. a3
Be7 9. Bd3 b6 10. cxd5 exd5 11. O-O c5 12. Rc1 Bb7 13. Re1 Ne4 14. Bxe7 Qxe7
15. Bb5 Rfd8 16. Qa4 Ndf6 17. h3 a6 18. Bf1 b5 19. Qa5 c4 20. Nxe4 dxe4 21. Nd2
Nd5 22. Nb1 Qe6 23. Nc3 Ne7 24. Ne2 Bd5 25. a4 Rdb8 26. axb5 axb5 27. Qd2 Qd6
28. Nf4 Ra2 29. Ra1 Rba8 30. Rxa2 Rxa2 31. Rb1 Nc6 32. Ne2 b4 33. Qc1 g5 34.
Ra1 Rxa1 35. Qxa1 Qb8 36. Qa6 Kh7 37. h4 f6 38. hxg5 hxg5 39. Qa4 Kg6 40. Qa6
c3 41. bxc3 b3 42. c4 b2 43. Nc3 Qb3 44. Nb1 Nb4 45. Qa3 Qc2 46. Qxb4 Qxb1 47.
cxd5 Qc1 48. Qf8 b1=Q 49. Qg8+ Kh6 50. Qh8+ Kg6 51. Qg8+ 1/2-1/2

[Event "España ch Universitario 2005"]
[Site "Granada ESP"]
[Date "2005.05.11"]
[Round "7.10"]
[White "Gonzalez Somoza, Oliver"]
[Black "Martinez Martin, David"]
[Result "0-1"]
[WhiteElo "2224"]
[BlackElo "2376"]
[PlyCount "140"]
[EventDate "2005.05.09"]
[EventType "swiss"]
[EventRounds "9"]
[EventCountry "ESP"]
[Source "lmi"]
[SourceDate "2005.05.11"]

1. e4 e6 2. d4 d5 3. Nd2 Be7 4. e5 c5 5. c3 Nh6 6. Bd3 cxd4 7. cxd4 Nc6 8. Ne2
Nf5 9. Bxf5 exf5 10. f4 h6 11. Nf1 Qb6 12. Ne3 Be6 13. O-O O-O-O 14. Qd3 g6 15.
a3 Qa6 16. Qxa6 bxa6 17. b4 Kb7 18. Bd2 Rd7 19. Rac1 Bd8 20. Bc3 Bb6 21. Rc2
Rc8 22. Rfc1 Rdc7 23. Bb2 g5 24. Rf1 Ne7 25. Rxc7+ Rxc7 26. g3 Bd7 27. Kf2 Bb5
28. Rc1 Rxc1 29. Nxc1 gxf4 30. gxf4 Kc6 31. Nb3 Bd3 32. a4 Be4 33. Nc1 Kd7 34.
Bc3 Nc6 35. Nb3 Bd8 36. Nc5+ Kc8 37. Nxa6 Bh4+ 38. Ke2 Be7 39. b5 Nd8 40. Bb4
Bh4 41. Bc5 Ne6 42. Bxa7 Kb7 43. Bc5 Nxf4+ 44. Kd2 Bg5 45. Nd1 Ng2+ 46. Ke2 f4
47. Bd6 f3+ 48. Kf1 Bd3+ 49. Kg1 Be2 50. Nc5+ Kb6 51. Nc3 Be3+ 52. Kh1 Bc4 53.
Nd1 Bxd4 54. Nd7+ Kb7 55. Bc5 Ba1 56. Nb6 Bxe5 57. Nxc4 dxc4 58. a5 c3 59. a6+
Ka8 60. Ne3 Nxe3 61. Bxe3 c2 62. b6 f5 63. h3 h5 64. Bc1 Bd4 65. b7+ Ka7 66.
Bf4 Be5 67. Bxe5 c1=Q+ 68. Kh2 Qd2+ 69. Kg3 Qe1+ 70. Kf4 Qe4+ 0-1

[Event "España ch Universitario 2005"]
[Site "Granada ESP"]
[Date "2005.05.11"]
[Round "8.2"]
[White "Ibarra Jerez, Jose Carlos"]
[Black "Perez Candelario, Manuel"]
[Result "1/2-1/2"]
[WhiteElo "2435"]
[BlackElo "2495"]
[PlyCount "55"]
[EventDate "2005.05.09"]
[EventType "swiss"]
[EventRounds "9"]
[EventCountry "ESP"]
[Source "lmi"]
[SourceDate "2005.05.11"]

1. e4 e5 2. Nf3 Nc6 3. Bb5 a6 4. Bxc6 dxc6 5. O-O f6 6. d4 Bg4 7. dxe5 Qxd1 8.
Rxd1 fxe5 9. Nbd2 O-O-O 10. Re1 Bd6 11. h3 Bh5 12. g4 Bf7 13. Ng5 Rf8 14. Nf1
Be8 15. Kg2 Bd7 16. Ng3 g6 17. Be3 Ne7 18. Nf3 c5 19. Bh6 Rfg8 20. Bg5 h5 21.
Bf6 hxg4 22. hxg4 Rh7 23. Ng5 Rh4 24. Nf7 Rh7 25. Ng5 Rh4 26. Nf7 Rh7 27. Ng5
Rh4 28. Nf7 1/2-1/2

[Event "España ch Universitario 2005"]
[Site "Granada ESP"]
[Date "2005.05.11"]
[Round "8.3"]
[White "Fluvia Poyatos, Jordi"]
[Black "Cruz Alvarez de Ron, Dan"]
[Result "1-0"]
[WhiteElo "2399"]
[BlackElo "2185"]
[PlyCount "57"]
[EventDate "2005.05.09"]
[EventType "swiss"]
[EventRounds "9"]
[EventCountry "ESP"]
[Source "lmi"]
[SourceDate "2005.05.11"]

1. e4 e6 2. d4 d5 3. e5 Bd7 4. Nf3 c5 5. c3 Qb6 6. a3 Bb5 7. b4 cxd4 8. Bxb5+
Qxb5 9. cxd4 a5 10. Nc3 Qc6 11. Bd2 axb4 12. axb4 Rxa1 13. Qxa1 Bxb4 14. Qa8
Qc8 15. Nb5 Qc1+ 16. Ke2 Qc4+ 17. Ke3 Qb3+ 18. Kf4 Bxd2+ 19. Nxd2 g5+ 20. Kxg5
f6+ 21. exf6 h6+ 22. Kh4 Qxb5 23. Qxb8+ Kf7 24. Rc1 Ne7 25. Qc7 Kxf6 26. Qe5+
Kf7 27. Rc7 Rg8 28. Ne4 Qb4 29. Nd6+ 1-0

[Event "España ch Universitario 2005"]
[Site "Granada ESP"]
[Date "2005.05.11"]
[Round "8.4"]
[White "Luna Cortes, Luis"]
[Black "San Emeterio Cabanes, Jose Luis"]
[Result "1-0"]
[WhiteElo "2177"]
[BlackElo "2401"]
[PlyCount "37"]
[EventDate "2005.05.09"]
[EventType "swiss"]
[EventRounds "9"]
[EventCountry "ESP"]
[Source "lmi"]
[SourceDate "2005.05.11"]

1. e4 c5 2. Nf3 Nc6 3. d3 g6 4. g3 Bg7 5. c3 e5 6. Bg2 Nge7 7. O-O O-O 8. Be3
b6 9. Qd2 d5 10. exd5 Nxd5 11. Bh6 Re8 12. Bxg7 Kxg7 13. Na3 Ba6 14. Rfe1 Qc8
15. c4 Nf6 16. Nb5 Qd7 17. Nxe5 Rxe5 18. Rxe5 Nxe5 19. Bxa8 1-0

[Event "España ch Universitario 2005"]
[Site "Granada ESP"]
[Date "2005.05.11"]
[Round "8.5"]
[White "Gonzalez de la Torre, Santiago"]
[Black "Zurano Lopez, Pedro"]
[Result "1/2-1/2"]
[WhiteElo "2357"]
[BlackElo "2292"]
[PlyCount "54"]
[EventDate "2005.05.09"]
[EventType "swiss"]
[EventRounds "9"]
[EventCountry "ESP"]
[Source "lmi"]
[SourceDate "2005.05.11"]

1. e4 c6 2. d4 d5 3. exd5 cxd5 4. c4 Nf6 5. Nc3 g6 6. Qb3 Bg7 7. cxd5 O-O 8.
Be2 Nbd7 9. Bf3 Nb6 10. Nge2 Bg4 11. Bxg4 Nxg4 12. Bf4 Nf6 13. d6 exd6 14. a4
Nh5 15. Be3 d5 16. a5 Nc4 17. Qxb7 Nf6 18. Bg5 Rb8 19. Qxa7 Re8 20. O-O Rxb2
21. Bxf6 Bxf6 22. Nf4 Rd2 23. Nfxd5 Bxd4 24. Qc7 Qxc7 25. Nxc7 Bxc3 26. Nxe8
Bxa1 27. Rxa1 Nxa5 1/2-1/2

[Event "España ch Universitario 2005"]
[Site "Granada ESP"]
[Date "2005.05.11"]
[Round "8.6"]
[White "Baron Rodriguez, Jesus"]
[Black "Rada Equiza, Miguel"]
[Result "1-0"]
[WhiteElo "2437"]
[BlackElo "2230"]
[PlyCount "71"]
[EventDate "2005.05.09"]
[EventType "swiss"]
[EventRounds "9"]
[EventCountry "ESP"]
[Source "lmi"]
[SourceDate "2005.05.11"]

1. e4 e5 2. Nf3 Nc6 3. Bb5 a6 4. Ba4 Nf6 5. O-O Be7 6. Qe2 d6 7. c3 b5 8. Bc2
O-O 9. d4 Bg4 10. Rd1 Qc8 11. h3 Bh5 12. d5 Nd8 13. a4 Rb8 14. axb5 axb5 15.
Nbd2 h6 16. Nf1 Nh7 17. Ng3 Bg6 18. Ra7 Rb7 19. Rxb7 Qxb7 20. Be3 c5 21. Ra1 f5
22. Nxf5 Bxf5 23. exf5 Nf7 24. Ra5 Qxd5 25. Qxb5 e4 26. Nd2 Nf6 27. Ra7 Bd8 28.
Qa4 Qxf5 29. Nxe4 Nxe4 30. Bxe4 Qh5 31. Qd7 Bf6 32. b4 Bxc3 33. b5 Qd1+ 34. Kh2
Be5+ 35. f4 Bd4 36. Qf5 1-0